000 00617cam a22002293a 4500
001 29771
003 PGUSA
005 20140828083637.0
008 090823s2009||||xxu|||||s|||||000 1 eng d
040 _aPGUSA
_beng
042 _adc
050 4 _aPS
100 1 _aErnst, Paul,
_d1899-1985
245 1 4 _aThe Planetoid of Peril
_h[electronic resource] /
_cPaul Ernst
260 _bProject Gutenberg,
_c2009
506 _aPublic domain in the USA.
516 _aElectronic text
653 _aScience fiction
830 0 _aProject Gutenberg
_v29771
856 4 0 _uhttp://www.gutenberg.org/ebooks/29771
942 _cEB
999 _c259026
_d259026